[Event "Pilsen Open 2024 - A INGEM IM Round Robin"]
[Site "Parkhotel Plzen ****, Plzen"]
[Date "2024.02.21"]
[Round "6"]
[Board "2"]
[White "Petr, Martin"]
[Black "Nguyen, Alex Dac-Vuong"]
[Result "1/2-1/2"]
[WhiteElo "2469"]
[BlackElo "2370"]
[PlyCount "141"]
[EventDate "2024.02.17"]
[EventRounds "9"]
[EventCountry "CZE"]

1. Nf3 Nf6 2. c4 c5 3. Nc3 Nc6 4. d4 cxd4 5. Nxd4 e6 6. e4 Bb4 7. Nxc6 bxc6 8. Bd3
e5 9. O-O O-O 10. h3 Bxc3 11. bxc3 d5 12. exd5 cxd5 13. cxd5 Qxd5 14. c4 Qc6 15.
Be3 Bb7 16. f3 e4 17. Be2 Nh5 18. Qe1 Qg6 19. Kh2 exf3 20. Bxf3 Bxf3 21. Rxf3 Rfe8
22. Qf2 Nf6 23. Rg3 Ne4 24. Rxg6 Nxf2 25. Rg3 Ne4 26. Rf3 Rec8 27. Rc1 Rc6 28. Rf4
Nc5 29. Rf5 Rac8 30. Rd5 h6 31. Rc2 a6 32. g4 Kf8 33. Kg2 Ke7 34. Kf3 Nd7 35. Bd4
Nb6 36. Re5+ Kf8 37. Bxb6 Rxb6 38. c5 Rb4 39. Re4 Rb5 40. Re5 f6 41. Rd5 Ke7 42.
h4 Ke6 43. Rd6+ Ke7 44. Rd5 Ke6 45. Ke4 Rc6 46. h5 Rb4+ 47. Rd4 Rb5 48. Rdc4 Rb1
49. Re2 Rd1 50. Rd4 Rc1 51. Kf4+ Kf7 52. Rd7+ Kf8 53. Ree7 Rc4+ 54. Kf5 R4xc5+ 55.
Kg6 f5+ 56. Kh7 fxg4 57. Rf7+ Ke8 58. Rde7+ Kd8 59. Ra7 Rc7 60. Ra8+ Rc8 61. Rxa6
Rxh5 62. Raa7 Re5 63. Rfd7+ Ke8 64. Rxg7 Rg5 65. Rge7+ Kf8 66. Rf7+ Ke8 67. Rfe7+
Kf8 68. Rf7+ Ke8 69. Rae7+ Kd8 70. Rd7+ Ke8 71. Rde7+  1/2-1/2

[Event "Pilsen Open 2024 - A INGEM IM Round Robin"]
[Site "Parkhotel Plzen ****, Plzen"]
[Date "2024.02.21"]
[Round "6"]
[Board "3"]
[White "Delgerdalai, Bayarjavkhlan"]
[Black "Michalek, Jan"]
[Result "1/2-1/2"]
[WhiteElo "2269"]
[BlackElo "2247"]
[PlyCount "104"]
[EventDate "2024.02.17"]
[EventRounds "9"]
[EventCountry "CZE"]

1. e4 e5 2. Nf3 Nf6 3. d4 Nxe4 4. Bd3 d5 5. Nxe5 Nd7 6. Nc3 Nxe5 7. dxe5 Nc5 8. Nxd5
Nxd3+ 9. Qxd3 c6 10. Nc3 Qxd3 11. cxd3 Bf5 12. d4 Bb4 13. Be3 Kd7 14. O-O-O Bxc3
15. bxc3 Be6 16. a3 Bd5 17. Rhg1 h5 18. Kd2 b5 19. Bg5 a5 20. Ke3 a4 21. g3 Rae8
22. Kd2 Bc4 23. Rde1 Be6 24. f3 Bd5 25. Ref1 Be6 26. Rf2 Ref8 27. Re1 Rb8 28. Rh1
Bd5 29. h3 Rbf8 30. Rhf1 Be6 31. Rh2 Bc4 32. Rff2 Rh7 33. Be3 Be6 34. Ke1 Rhh8 35.
Kf1 Bc4+ 36. Kg1 Re8 37. Rd2 Be6 38. Kf2 Rb8 39. Rh1 Rbf8 40. Rdd1 Bd5 41. Rb1 f6
42. c4 Bxc4 43. Rhe1 Bd5 44. f4 fxe5 45. dxe5 g5 46. h4 gxh4 47. gxh4 Ke6 48. Rg1
Rfg8 49. Bd4 Rg4 50. Rxg4 hxg4 51. Kg3 Bf3 52. Bc5 Rd8  1/2-1/2

[Event "Pilsen Open 2024 - A INGEM IM Round Robin"]
[Site "Parkhotel Plzen ****, Plzen"]
[Date "2024.02.21"]
[Round "6"]
[Board "4"]
[White "Folk, Petr"]
[Black "Kulon, Klaudia"]
[Result "0-1"]
[WhiteElo "2073"]
[BlackElo "2327"]
[PlyCount "116"]
[EventDate "2024.02.17"]
[EventRounds "9"]
[EventCountry "CZE"]

1. e4 d5 2. exd5 Qxd5 3. Nc3 Qd8 4. d4 Nf6 5. Nf3 g6 6. g3 Bg7 7. Bg2 O-O 8. O-O
Nc6 9. Re1 e6 10. Bf4 h6 11. h4 Rb8 12. Qd2 Kh7 13. Rad1 Ne7 14. Be5 b5 15. a4 a6
16. axb5 axb5 17. Ra1 Bb7 18. Ra5 b4 19. Na4 Nc6 20. Rb5 Nxe5 21. dxe5 Bxf3 22. Qxd8
Rfxd8 23. Rxb8 Rxb8 24. Bxf3 Nd7 25. Bg2 Nxe5 26. Rd1 b3 27. cxb3 Rxb3 28. Rc1 Rb4
29. b3 c6 30. Nc5 Bf8 31. Rc3 Rd4 32. Kf1 Rd2 33. Ke1 Rd8 34. Ke2 Kg7 35. Nd3 Nxd3
36. Rxd3 Rc8 37. Rc3 c5 38. Be4 Rb8 39. Bd3 Be7 40. Bc2 Ra8 41. Rc4 Rb8 42. Rc3 Rb5
43. Bd3 Ra5 44. Rc2 Bf6 45. Bc4 Bd4 46. Rd2 e5 47. g4 Ra1 48. Bd5 f5 49. gxf5 gxf5
50. Kf3 Kf6 51. Kg3 e4 52. f3 e3 53. Re2 Rg1+ 54. Kf4 Rh1 55. Kg3 Ke5 56. Bc4 f4+
57. Kg4 Rg1+ 58. Kh5 Rg3  0-1

[Event "Pilsen Open 2024 - A INGEM IM Round Robin"]
[Site "Parkhotel Plzen ****, Plzen"]
[Date "2024.02.21"]
[Round "6"]
[Board "5"]
[White "Adarsh, Tripathi"]
[Black "Lundin, Jan"]
[Result "1/2-1/2"]
[WhiteElo "2356"]
[BlackElo "2238"]
[PlyCount "80"]
[EventDate "2024.02.17"]
[EventRounds "9"]
[EventCountry "CZE"]

1. e4 e6 2. d4 d5 3. Nc3 Nc6 4. Nf3 Nf6 5. e5 Ne4 6. Ne2 f6 7. Ng3 fxe5 8. dxe5 Be7
9. c3 Nc5 10. h4 O-O 11. Qc2 Rxf3 12. gxf3 Nxe5 13. Be2 Qf8 14. b4 Ncd7 15. f4 Ng6
16. Be3 Nxf4 17. O-O-O a5 18. b5 Nxe2+ 19. Nxe2 Bf6 20. Rdg1 Nb6 21. h5 Bd7 22. Rg3
e5 23. Rhg1 Re8 24. Bh6 Re7 25. Bxg7 Rxg7 26. Rxg7+ Bxg7 27. h6 Bf5 28. hxg7 Qa3+
29. Qb2 Qc5 30. Qd2 Qxb5 31. Kd1 Nc4 32. Qg5 Qb1+ 33. Nc1 Qc2+ 34. Ke1 Qxc3+ 35.
Ke2 Qc2+ 36. Ke1 Qe4+ 37. Ne2 Qb1+ 38. Nc1 Qe4+ 39. Ne2 Qb1+ 40. Nc1 Qe4+  1/2-1/2

[Event "Pilsen Open 2024 - A INGEM IM Round Robin"]
[Site "Parkhotel Plzen ****, Plzen"]
[Date "2024.02.22"]
[Round "7"]
[Board "1"]
[White "Lundin, Jan"]
[Black "Gorkiewicz, Mateusz"]
[Result "0-1"]
[WhiteElo "2238"]
[BlackElo "2184"]
[PlyCount "48"]
[EventDate "2024.02.17"]
[EventRounds "9"]
[EventCountry "CZE"]

1. e4 e5 2. Nf3 Nc6 3. d4 exd4 4. Nxd4 Nf6 5. Nxc6 bxc6 6. e5 Qe7 7. Qe2 Nd5 8. c4
Ba6 9. Nd2 g6 10. Nf3 Qb4+ 11. Kd1 Nb6 12. b3 O-O-O 13. Bg5 Be7 14. Qd2 Qa3 15. Bd3
Bxg5 16. Nxg5 d5 17. exd6 Nxc4 18. Qc3 Nb2+ 19. Kd2 Qxd6 20. Kc2 Nxd3 21. Nxf7 Qa3
22. Nxd8 Nb4+ 23. Kd2 Rxd8+ 24. Ke1 Nc2+  0-1

[Event "Pilsen Open 2024 - A INGEM IM Round Robin"]
[Site "Parkhotel Plzen ****, Plzen"]
[Date "2024.02.22"]
[Round "7"]
[Board "2"]
[White "Kulon, Klaudia"]
[Black "Adarsh, Tripathi"]
[Result "1/2-1/2"]
[WhiteElo "2327"]
[BlackElo "2356"]
[PlyCount "95"]
[EventDate "2024.02.17"]
[EventRounds "9"]
[EventCountry "CZE"]

1. e4 c5 2. Nf3 e6 3. d4 cxd4 4. Nxd4 Nf6 5. Nc3 Nc6 6. Ndb5 Bb4 7. a3 Bxc3+ 8. Nxc3
d5 9. exd5 exd5 10. Bd3 O-O 11. O-O Bg4 12. f3 Bh5 13. Bg5 Qb6+ 14. Kh1 Ne4 15. Nxe4
dxe4 16. Bxe4 Qxb2 17. Qb1 Qb6 18. Qxb6 axb6 19. Rfb1 Bg6 20. Bxg6 hxg6 21. Rxb6
Nd4 22. c3 Nc2 23. Rc1 Nxa3 24. Rxb7 f6 25. Be3 Nc4 26. Bd4 g5 27. Rc7 Rfc8 28. Rxc8+
Rxc8 29. Kg1 Nd6 30. Kf2 Nf5 31. Be3 Kf7 32. c4 Nd6 33. c5 Nb7 34. c6 Nd8 35. c7
Ne6 36. Bb6 Ke7 37. Ke3 Kd6 38. Ke4 g6 39. Rd1+ Ke7 40. Ba5 Nxc7 41. Bb4+ Ke8 42.
Rd6 Ke7 43. g4 Ne8 44. Rd4+ Ke6 45. Kd3 Rc7 46. Re4+ Kf7 47. Rd4 Ke6 48. Re4+  1/2-1/2

[Event "Pilsen Open 2024 - A INGEM IM Round Robin"]
[Site "Parkhotel Plzen ****, Plzen"]
[Date "2024.02.22"]
[Round "7"]
[Board "3"]
[White "Michalek, Jan"]
[Black "Folk, Petr"]
[Result "1-0"]
[WhiteElo "2247"]
[BlackElo "2073"]
[PlyCount "57"]
[EventDate "2024.02.17"]
[EventRounds "9"]
[EventCountry "CZE"]

1. Nf3 Nf6 2. c4 e6 3. g3 d5 4. Bg2 Be7 5. O-O O-O 6. b3 d4 7. d3 c5 8. e4 Nc6 9.
h3 e5 10. Nh2 Ne8 11. Nd2 Nd6 12. Qe2 a5 13. a4 Nb4 14. Ndf3 f5 15. Nd2 Ra6 16. exf5
Bxf5 17. Ne4 Nxe4 18. Bxe4 Rg6 19. Bxf5 Rxf5 20. Nf3 Bd6 21. Nd2 Qh4 22. Kg2 Nc2
23. Ne4 Nxa1 24. Nxd6 Rf8 25. Ne4 Nxb3 26. Ba3 b5 27. cxb5 Rc8 28. Rb1 c4 29. dxc4
 1-0

[Event "Pilsen Open 2024 - A INGEM IM Round Robin"]
[Site "Parkhotel Plzen ****, Plzen"]
[Date "2024.02.22"]
[Round "7"]
[Board "4"]
[White "Nguyen, Alex Dac-Vuong"]
[Black "Delgerdalai, Bayarjavkhlan"]
[Result "1-0"]
[WhiteElo "2370"]
[BlackElo "2269"]
[PlyCount "87"]
[EventDate "2024.02.17"]
[EventRounds "9"]
[EventCountry "CZE"]

1. e4 c5 2. Nf3 d6 3. d4 cxd4 4. Nxd4 Nf6 5. Nc3 a6 6. h3 e5 7. Nb3 h5 8. Bg5 Be6
9. f4 exf4 10. Qd2 Nc6 11. O-O-O Be7 12. Bxf4 Rc8 13. Kb1 h4 14. Be2 Nh5 15. Bxd6
Bxd6 16. Qxd6 Qxd6 17. Rxd6 Nf4 18. Nc5 Ke7 19. Rhd1 Ne5 20. Nxe6 fxe6 21. Bg4 Rhd8
22. Rxd8 Rxd8 23. Rxd8 Kxd8 24. Ne2 Nxg2 25. Bxe6 g5 26. Ng1 Nf4 27. Bf5 b6 28. Kc1
Ke7 29. Kd2 Kd6 30. Ke3 Ke7 31. Nf3 Kf6 32. Nxe5 Kxe5 33. Kf3 a5 34. a4 Kf6 35. Kg4
Ng2 36. e5+ Kxe5 37. Kxg5 Ne1 38. Kg4 Ng2 39. Bh7 Ne3+ 40. Kxh4 Kf4 41. b3 Ng2+ 42.
Kh5 Kg3 43. Bf5 Kf4 44. Bd3  1-0

[Event "Pilsen Open 2024 - A INGEM IM Round Robin"]
[Site "Parkhotel Plzen ****, Plzen"]
[Date "2024.02.22"]
[Round "7"]
[Board "5"]
[White "Gramb, Marius"]
[Black "Petr, Martin"]
[Result "1-0"]
[WhiteElo "2175"]
[BlackElo "2469"]
[PlyCount "77"]
[EventDate "2024.02.17"]
[EventRounds "9"]
[EventCountry "CZE"]

1. e4 e6 2. d4 d5 3. e5 c5 4. c3 Nc6 5. Nf3 Bd7 6. Be2 cxd4 7. cxd4 Nge7 8. Na3 Nf5
9. Nc2 Be7 10. O-O O-O 11. Bd3 f6 12. Re1 fxe5 13. Nxe5 Nxe5 14. dxe5 Qb6 15. Bxf5
Rxf5 16. Nd4 Rff8 17. Be3 Qa6 18. Qe2 Qxe2 19. Rxe2 Rfc8 20. Rc2 Rxc2 21. Nxc2 a5
22. Nd4 a4 23. Rc1 Bd8 24. a3 g5 25. Kf1 Kf7 26. Ke2 Kg6 27. f3 h5 28. g3 Bb6 29.
f4 g4 30. Bf2 Rh8 31. Rc2 h4 32. Kd3 hxg3 33. Bxg3 Kh5 34. Rc1 Kg6 35. Rc2 Kf7 36.
Rc1 Kg7 37. Rc2 Be8 38. Rc1 Bg6+ 39. Ke3  1-0

[Event "Pilsen Open 2024 - A INGEM IM Round Robin"]
[Site "Parkhotel Plzen ****, Plzen"]
[Date "2024.02.23"]
[Round "8"]
[Board "1"]
[White "Gorkiewicz, Mateusz"]
[Black "Petr, Martin"]
[Result "0-1"]
[WhiteElo "2184"]
[BlackElo "2469"]
[PlyCount "102"]
[EventDate "2024.02.17"]
[EventRounds "9"]
[EventCountry "CZE"]

1. e4 e6 2. d4 d5 3. Nc3 Nf6 4. e5 Nfd7 5. f4 c5 6. Nf3 Nc6 7. Be3 a6 8. Qd2 b5 9.
a3 Qa5 10. dxc5 Bxc5 11. Bxc5 Nxc5 12. Nd4 Qb6 13. Nxc6 Qxc6 14. Ne2 Ne4 15. Nd4
Qb6 16. Qe3 b4 17. a4 a5 18. Bd3 O-O 19. Bxe4 dxe4 20. O-O Bb7 21. Rfd1 Bd5 22. Rd2
Rab8 23. Rad1 f6 24. exf6 Rxf6 25. c4 bxc3 26. bxc3 Rc8 27. Rf2 Qc5 28. c4 Qxc4 29.
Rc2 Qa6 30. Rxc8+ Qxc8 31. Rc1 Qb8 32. g3 Rf8 33. Qc3 Qb6 34. Qc5 Qb2 35. Qc3 Rb8
36. Nb5 Qe2 37. Re1 Qa2 38. Ra1 Qc4 39. Qxc4 Bxc4 40. Re1 Bd3 41. Rc1 e3 42. Kg2
Bxb5 43. axb5 Rxb5 44. Kf3 e2 45. Kf2 Rb8 46. Rc6 Rb2 47. Rxe6 a4 48. Ra6 Ra2 49.
Ra7 a3 50. g4 Ra1 51. Kxe2 a2  0-1

[Event "Pilsen Open 2024 - A INGEM IM Round Robin"]
[Site "Parkhotel Plzen ****, Plzen"]
[Date "2024.02.23"]
[Round "8"]
[Board "2"]
[White "Delgerdalai, Bayarjavkhlan"]
[Black "Gramb, Marius"]
[Result "1-0"]
[WhiteElo "2269"]
[BlackElo "2175"]
[PlyCount "119"]
[EventDate "2024.02.17"]
[EventRounds "9"]
[EventCountry "CZE"]

1. e4 c6 2. d4 d5 3. exd5 cxd5 4. c4 Nf6 5. Nc3 Nc6 6. c5 g6 7. Nf3 Bg7 8. Bb5 O-O
9. h3 Ne4 10. Bxc6 Nxc3 11. bxc3 bxc6 12. O-O Qa5 13. Bd2 Qa6 14. Bf4 Bf5 15. Re1
Rae8 16. Re3 f6 17. Qe1 Kf7 18. g4 Be4 19. Nd2 Bd3 20. Re6 Qc8 21. Re3 Qa6 22. Kg2
Rh8 23. Rc1 h5 24. f3 Bh6 25. Bxh6 Rxh6 26. g5 Rhh8 27. Qg3 Bf5 28. gxf6 Kxf6 29.
Rce1 Qc8 30. h4 Kf7 31. Qe5 e6 32. f4 Qb8 33. Nf3 Qxe5 34. Nxe5+ Kf6 35. Nxc6 Rh7
36. R3e2 Rb7 37. Kf2 Rc8 38. Ne5 a5 39. c6 Rb5 40. Rc1 a4 41. c4 Rb4 42. cxd5 exd5
43. Ke3 Be4 44. Rc5 Ra8 45. Re1 Rb2 46. Rec1 Ke7 47. c7 Rc8 48. Nc6+ Kd7 49. Na7
Rxa2 50. Nxc8 Kxc8 51. Ra5 Rc2 52. Rxc2 Bxc2 53. Rxd5 Bb3 54. Rc5 a3 55. d5 a2 56.
d6 a1=Q 57. d7+ Kxd7 58. c8=Q+ Ke7 59. Rc7+ Kd6 60. Qd7#  1-0

[Event "Pilsen Open 2024 - A INGEM IM Round Robin"]
[Site "Parkhotel Plzen ****, Plzen"]
[Date "2024.02.23"]
[Round "8"]
[Board "3"]
[White "Folk, Petr"]
[Black "Nguyen, Alex Dac-Vuong"]
[Result "1/2-1/2"]
[WhiteElo "2073"]
[BlackElo "2370"]
[PlyCount "115"]
[EventDate "2024.02.17"]
[EventRounds "9"]
[EventCountry "CZE"]

1. e4 c6 2. d4 d5 3. exd5 cxd5 4. c4 Nf6 5. Nc3 Nc6 6. cxd5 Nxd5 7. Nf3 Bg4 8. Qb3
Bxf3 9. gxf3 e6 10. Qxb7 Nxd4 11. Bb5+ Nxb5 12. Qc6+ Ke7 13. Qxb5 Qd7 14. Nxd5+ Qxd5
15. Bg5+ f6 16. Qxd5 exd5 17. Be3 Ke6 18. O-O-O Bb4 19. a3 Rhc8+ 20. Kb1 Bc5 21.
Rhe1 Bxe3 22. Rxe3+ Kd6 23. Rde1 Rc4 24. Re7 Rf4 25. R1e6+ Kc5 26. Rxg7 Rxf3 27.
Rxh7 Rxf2 28. Rc7+ Kd4 29. Rc2 Rxc2 30. Kxc2 f5 31. h4 f4 32. Kd2 a5 33. h5 Rb8 34.
b4 axb4 35. axb4 Rxb4 36. Ke2 Rb3 37. h6 Rh3 38. Ra6 Ke4 39. Re6+ Kf5 40. Ra6 d4
41. Kf2 d3 42. Kg2 Rg3+ 43. Kf2 Rh3 44. Kg2 Rh4 45. Kf3 Ke5 46. Ra5+ Kd4 47. Ra4+
Kc3 48. Ra3+ Kc2 49. Ra6 d2 50. Rc6+ Kd1 51. Re6 Rh1 52. Kxf4 Kc2 53. Rc6+ Kd3 54.
Rd6+ Ke2 55. Kg5 d1=Q 56. Rxd1 Kxd1 57. Kg6 Rxh6+ 58. Kxh6  1/2-1/2

[Event "Pilsen Open 2024 - A INGEM IM Round Robin"]
[Site "Parkhotel Plzen ****, Plzen"]
[Date "2024.02.23"]
[Round "8"]
[Board "4"]
[White "Adarsh, Tripathi"]
[Black "Michalek, Jan"]
[Result "1/2-1/2"]
[WhiteElo "2356"]
[BlackElo "2247"]
[PlyCount "22"]
[EventDate "2024.02.17"]
[EventRounds "9"]
[EventCountry "CZE"]

1. d4 Nf6 2. Nf3 d6 3. e3 g6 4. Bd3 Bg7 5. O-O O-O 6. c3 b6 7. Nbd2 Nbd7 8. Ne4 Bb7
9. Nxf6+ Nxf6 10. Re1 c5 11. e4 Nd7  1/2-1/2

[Event "Pilsen Open 2024 - A INGEM IM Round Robin"]
[Site "Parkhotel Plzen ****, Plzen"]
[Date "2024.02.23"]
[Round "8"]
[Board "5"]
[White "Lundin, Jan"]
[Black "Kulon, Klaudia"]
[Result "0-1"]
[WhiteElo "2238"]
[BlackElo "2327"]
[PlyCount "60"]
[EventDate "2024.02.17"]
[EventRounds "9"]
[EventCountry "CZE"]

1. d4 Nf6 2. c4 e6 3. Nc3 Bb4 4. Nf3 O-O 5. Bg5 c5 6. d5 h6 7. Bh4 d6 8. e3 exd5
9. cxd5 Nbd7 10. Be2 Qa5 11. O-O Bxc3 12. bxc3 Qxc3 13. Rc1 Qa5 14. Nd2 b5 15. Bg3
Bb7 16. Bxd6 Rfc8 17. e4 Qb6 18. Bg3 c4 19. Rb1 c3 20. Rxb5 Qd4 21. Rxb7 cxd2 22.
Qb1 Nb6 23. Bf3 Rc4 24. Bf4 Rac8 25. Be3 Rc1 26. Qb5 Rxf1+ 27. Qxf1 Qb2 28. e5 Rc1
29. Bd1 Qb1 30. Rb8+ Kh7  0-1

[Event "Pilsen Open 2024 - A INGEM IM Round Robin"]
[Site "Parkhotel Plzen ****, Plzen"]
[Date "2024.02.24"]
[Round "9"]
[Board "4"]
[White "Gramb, Marius"]
[Black "Folk, Petr"]
[Result "1/2-1/2"]
[WhiteElo "2175"]
[BlackElo "2073"]
[PlyCount "119"]
[EventDate "2024.02.17"]
[EventRounds "9"]
[EventCountry "CZE"]

1. e4 c5 2. c3 Nf6 3. e5 Nd5 4. Nf3 Nc6 5. Bc4 Nb6 6. Bb3 c4 7. Bc2 d6 8. exd6 Qxd6
9. O-O Bg4 10. Re1 O-O-O 11. h3 Bh5 12. b3 e6 13. Na3 Ne5 14. Rxe5 Bxf3 15. Qe1 Bd5
16. Qe2 Qc6 17. Be4 Bd6 18. Bxd5 exd5 19. Qg4+ Kb8 20. Re1 Rhe8 21. Bb2 Rxe1+ 22.
Rxe1 Re8 23. Kf1 Rxe1+ 24. Kxe1 Bxa3 25. Bxa3 Qe8+ 26. Kd1 Qe5 27. Bc5 cxb3 28. axb3
g6 29. d4 Qe6 30. Qxe6 fxe6 31. Ke2 Kc7 32. Ke3 Nd7 33. Ba3 Kd8 34. Kf4 h6 35. Bc1
b5 36. Kg3 a5 37. Bxh6 a4 38. bxa4 bxa4 39. Bc1 Nb6 40. Kf4 Ke7 41. Ke3 Nc4+ 42.
Kd3 Kf6 43. Kc2 Kf5 44. f3 Kf6 45. h4 Kf7 46. Bg5 Kg7 47. Kb1 Kf7 48. Ka2 Kg7 49.
Bf4 Kf7 50. g4 Kg7 51. Be5+ Kg8 52. f4 Kh7 53. Bf6 Kg8 54. h5 gxh5 55. gxh5 Kh7 56.
Bg5 Kg7 57. Ka1 Kh7 58. Ka2 Kg7 59. Ka1 Kh7 60. Ka2  1/2-1/2

[Event "Pilsen Open 2024 - A INGEM IM Round Robin"]
[Site "Parkhotel Plzen ****, Plzen"]
[Date "2024.02.24"]
[Round "9"]
[Board "5"]
[White "Petr, Martin"]
[Black "Delgerdalai, Bayarjavkhlan"]
[Result "1-0"]
[WhiteElo "2469"]
[BlackElo "2269"]
[PlyCount "97"]
[EventDate "2024.02.17"]
[EventRounds "9"]
[EventCountry "CZE"]

1. Nf3 d5 2. g3 Bg4 3. Bg2 Nd7 4. c4 e6 5. cxd5 exd5 6. h3 Bxf3 7. Bxf3 Ngf6 8. O-O
Bd6 9. Nc3 c6 10. d3 O-O 11. e4 dxe4 12. dxe4 Be5 13. Qc2 Nc5 14. Be3 Qd3 15. Rac1
Qxc2 16. Rxc2 Ne6 17. Rd1 Rfd8 18. Rcd2 Rxd2 19. Rxd2 b6 20. Bg2 Rd8 21. Rxd8+ Nxd8
22. f4 Bxc3 23. bxc3 Nd7 24. e5 Kf8 25. Kf2 Ke7 26. c4 h5 27. Bd4 g6 28. Ke3 Nf8
29. Be4 Nfe6 30. Bc3 Ng7 31. g4 hxg4 32. hxg4 Nge6 33. f5 gxf5 34. gxf5 Nc7 35. Kf4
Ke8 36. Kg5 Ke7 37. Be1 Ne8 38. Bb4+ c5 39. Bc3 Kf8 40. Bd5 Nc7 41. Be1 Kg7 42. Bh4
f6+ 43. Kh5 Ne8 44. e6 Nd6 45. Bg3 Nxf5 46. Bc7 Nxe6 47. Bxe6 Nd4 48. Bd5 b5 49.
Bd6  1-0